000 00820nam a2200265Ia 4500
003 OSt
005 20221005060715.0
006 a|||||r|||| 00| 0
007 ta
008 221004b |||||||| |||| 00| 0 eng d
020 _a0415449065 (hbk)
_c795
024 _a88937
037 _b24813, 07/02/2008, Segment Book Distributors
_cTextual
040 _aCRL
_cCRL
_beng
041 _2eng
_aeng
082 _aZ2,12, P8
100 _aParashar Archana Ed.
_9461446
245 0 _aRedifining family law in India
260 _aLondon
_bRoutledge Taylor & Francis UK
_c2008
300 _axiii,374p.
_ccm.
650 _aLAW
700 _a Dhanda Amita Ed.
942 _hZ2,12, P8
_cTEXL
_2cc
999 _c967118
_d967118